A propósito de la seguridad alimentaria
Uloženo v:
| Médium: | Text |
|---|---|
| Témata: | |
| Tagy: |
Přidat tag
Žádné tagy, Buďte první, kdo vytvoří štítek k tomuto záznamu!
|
MARC
| LEADER | 00000 a a2200000 04500 | ||
|---|---|---|---|
| 001 | 5862 | ||
| 003 | |||
| 040 | |||
| 245 | |a A propósito de la seguridad alimentaria | ||
| 650 | |a SEGURIDAD ALIMENTARIA | ||
| 650 | |a FAO | ||
| 650 | |a POBREZA | ||
| 650 | |a PRODUCCION | ||
| 650 | |a ALIMENTOS | ||
| 650 | |a SECTOR AGROPECUARIO | ||
| 773 | |g volumen 15, número 626; páginas 7-9 | ||
| 999 | |c 23017 |d 23017 | ||
